Joueur avec plus de 100 buts à l'AC Milan - Mort Subite - Statistiques

Statistiques générales
  • Ce quiz a été pris 278 fois
  • Le résultat moyen est 3 sur 9
Answers on the Grid
Answers color-coded by a green-red scale on the quiz's grid according to % correct below.
Aldo Boffi
Alexandre Pato
Andriy Shevchenko
Clarence Seedorf
Filippo Inzaghi
George Weah
Gianni Rivera
Giuseppe Santagostino
Gunnar Nordahl
José Altafini
Kaká
Marco Simone
Marco van Basten
Rafael Leão
Zlatan Ibrahimović
 
Statistiques - réponses
Réponse % Correct
175 Andriy Shevchenko
66%
126 Filippo Inzaghi
66%
125 Marco van Basten
58%
104 Kaká
36%
214 Gunnar Nordahl
26%
163 Gianni Rivera
24%
105 Giuseppe Santagostino
16%
130 Aldo Boffi
11%
150 José Altafini
11%
Aucun quiz correspondant
Distribution des résultats
% des personnes avec chaque résultat
Percentile par nombre de réponses
Votre historique - résultats
Vous n’avez pas pris ce quiz